[Event "2.BLW 1718 TSV Schott Mainz - Hansa Dor"]
[Site "?"]
[Date "2017.10.09"]
[Round "1.1"]
[White "Klyuner, Vyacheslav"]
[Black "Lobron, Eric"]
[Result "0-1"]
[WhiteElo "2437"]
[BlackElo "2500"]
[PlyCount "50"]
[EventDate "2017.??.??"]

1. e4 c6 2. d3 d5 3. Nf3 g6 4. c3 Bg7 5. exd5 cxd5 6. d4 Nc6 7. Bd3 Nf6 8. O-O
O-O 9. Re1 Qc7 10. Qe2 Bg4 11. h3 Bxf3 12. Qxf3 e5 13. dxe5 Nxe5 14. Qd1 Rfe8
15. Be2 Qb6 16. Nd2 Rad8 17. Qc2 Neg4 18. hxg4 Nxg4 19. Bxg4 Rxe1+ 20. Nf1 Qa6
21. c4 Qxc4 22. Qxc4 dxc4 23. g3 h5 24. Bf3 Rd3 25. Kg2 Rxf3 0-1

[Event "2.BLW 1718 TSV Schott Mainz - Hansa Dor"]
[Site "?"]
[Date "2017.10.09"]
[Round "1.2"]
[White "Dann, Matthias"]
[Black "Wegener, Olaf"]
[Result "1-0"]
[WhiteElo "2506"]
[BlackElo "2431"]
[PlyCount "117"]
[EventDate "2017.??.??"]

1. d4 Nf6 2. c4 e6 3. Nc3 Bb4 4. e3 c5 5. Bd3 O-O 6. Nf3 d5 7. O-O cxd4 8. exd4
dxc4 9. Bxc4 b6 10. Qe2 Bb7 11. Rd1 Bxc3 12. bxc3 Nbd7 13. Bd3 Qc7 14. c4 Bxf3
15. Qxf3 e5 16. Qg3 Nh5 17. Qg5 Nhf6 18. Bb2 Rfe8 19. Rac1 exd4 20. Bxd4 Re7
21. c5 bxc5 22. Rxc5 Qd6 23. Rcc1 h6 24. Qg3 Qe6 25. a4 Rae8 26. h3 Ne5 27. Bb5
Rd8 28. Qf4 Rd5 29. Ba1 Rxd1+ 30. Rxd1 Ng6 31. Qf3 Ne5 32. Qa3 Ng6 33. Bd4 Qd5
34. Qc5 Qb3 35. Rc1 Ne4 36. Qc4 Nd2 37. Qxb3 Nxb3 38. Rc8+ Kh7 39. Be3 Ne5 40.
Ra8 a5 41. Rc8 f5 42. Rc3 f4 43. Bxf4 Nd4 44. Bf1 g5 45. Be3 Ndc6 46. Rc5 Kg6
47. Be2 Re6 48. g3 Rd6 49. Kf1 Nd7 50. Rb5 Nde5 51. Bb6 Kf5 52. Bxa5 Rd4 53.
Bg4+ Ke4 54. Be6 Rxa4 55. Bc7 Rd4 56. Ke2 Rb4 57. f3+ Nxf3 58. Bf5+ Kd4 59.
Rxb4+ 1-0

[Event "2.BLW 1718 TSV Schott Mainz - Hansa Dor"]
[Site "?"]
[Date "2017.10.09"]
[Round "1.3"]
[White "Dr. Scholz, Christian"]
[Black "Cicak, Slavko"]
[Result "1/2-1/2"]
[WhiteElo "2375"]
[BlackElo "2512"]
[PlyCount "97"]
[EventDate "2017.??.??"]

1. d4 Nf6 2. c4 g6 3. Nc3 Bg7 4. e4 O-O 5. Nf3 d6 6. Be2 c5 7. O-O Bg4 8. d5
Nbd7 9. Ne1 Bxe2 10. Qxe2 Re8 11. Nd3 e6 12. dxe6 Rxe6 13. Nf4 Re8 14. f3 Ne5
15. Be3 Qb6 16. Rac1 Nc6 17. Rfd1 Nd4 18. Qf2 Nd7 19. Nfe2 Nxe2+ 20. Qxe2 Ne5
21. b3 Nc6 22. Qd2 Nd4 23. Bg5 Qc6 24. Nd5 Re6 25. Kh1 Rae8 26. Re1 b6 27. Qf4
f6 28. Bxf6 Rf8 29. Bxd4 Rxf4 30. Nxf4 Re8 31. Bxg7 Kxg7 32. Rcd1 Rb8 33. a4 a6
34. Rd5 b5 35. axb5 axb5 36. Red1 Rb6 37. Ne6+ Kf6 38. e5+ dxe5 39. Nxc5 Kg7
40. Nd7 Rb7 41. Nxe5 Qe6 42. cxb5 Ra7 43. h3 Ra1 44. Rxa1 Qxd5 45. f4 Qxb5 46.
Kh2 Qxb3 47. Ra7+ Kg8 48. Ra8+ Kg7 49. Ra7+ 1/2-1/2

[Event "2.BLW 1718 TSV Schott Mainz - Hansa Dor"]
[Site "?"]
[Date "2017.10.09"]
[Round "1.4"]
[White "Balcerak, Jakob"]
[Black "Ackermann, Hans Werner"]
[Result "1/2-1/2"]
[WhiteElo "2455"]
[BlackElo "2290"]
[PlyCount "141"]
[EventDate "2017.??.??"]

1. d4 d6 2. Nf3 Nf6 3. c4 g6 4. Nc3 Bf5 5. Bg5 Bg7 6. e3 Ne4 7. Nxe4 Bxe4 8.
Bd3 Bxd3 9. Qxd3 c6 10. O-O h6 11. Bh4 Nd7 12. b4 O-O 13. Rab1 Re8 14. c5 Qc8
15. cxd6 exd6 16. Rfc1 a6 17. Bg3 Bf8 18. a4 Nf6 19. Nd2 Qe6 20. Nc4 Rad8 21.
Rd1 g5 22. b5 axb5 23. axb5 c5 24. d5 Qe4 25. f3 Qxd3 26. Rxd3 Nh5 27. Ra1 f5
28. Be1 Ra8 29. Ra5 g4 30. Kf1 Be7 31. Bc3 Rxa5 32. Nxa5 Ra8 33. Ke2 Kf7 34.
fxg4 fxg4 35. Nxb7 Rb8 36. Na5 Rxb5 37. Nc4 Nf6 38. Bxf6 Kxf6 39. Ra3 h5 40.
Kd3 Rb1 41. Ra6 h4 42. Nxd6 Bxd6 43. Rxd6+ Ke5 44. Rh6 h3 45. gxh3 gxh3 46.
Rh5+ Kd6 47. Rxh3 Kxd5 48. Rh5+ Kd6 49. h4 Rb3+ 50. Ke4 Rb4+ 51. Kd3 Rb3+ 52.
Kd2 Ra3 53. Rg5 Ra2+ 54. Kd3 Ra3+ 55. Ke2 Ra2+ 56. Kd1 Ra3 57. Rg3 Ra1+ 58. Kd2
Rh1 59. Rg4 Kd5 60. Kd3 Rd1+ 61. Ke2 Rh1 62. Kd3 Rd1+ 63. Kc3 Rc1+ 64. Kd2 Rh1
65. Rf4 Ke5 66. Kd3 Rd1+ 67. Ke2 Rh1 68. Kf2 Rh3 69. Rg4 Kd5 70. Ke2 Rh1 71.
Kd3 1/2-1/2

[Event "2.BLW 1718 TSV Schott Mainz - Hansa Dor"]
[Site "?"]
[Date "2017.10.09"]
[Round "1.5"]
[White "Kotter, Ralf"]
[Black "Bewersdorff, Oliver"]
[Result "1/2-1/2"]
[WhiteElo "2376"]
[BlackElo "2299"]
[PlyCount "42"]
[EventDate "2017.??.??"]

1. e4 e5 2. Nf3 Nc6 3. Bc4 Bc5 4. c3 Nf6 5. d3 a6 6. Bb3 Ba7 7. Nbd2 O-O 8. O-O
d6 9. h3 h6 10. Re1 Be6 11. Nf1 Bxb3 12. Qxb3 Qd7 13. Ng3 Rab8 14. Nh4 Qe6 15.
Qd1 Kh7 16. Nhf5 Ne7 17. Nxe7 Qxe7 18. Nf5 Qe6 19. Qf3 Ng8 20. Be3 Bxe3 21.
Nxe3 Ne7 1/2-1/2

[Event "2.BLW 1718 TSV Schott Mainz - Hansa Dor"]
[Site "?"]
[Date "2017.10.09"]
[Round "1.6"]
[White "Gohil, Harry"]
[Black "Dr. Kalka, Arkadius Georg"]
[Result "0-1"]
[WhiteElo "2254"]
[BlackElo "2329"]
[PlyCount "106"]
[EventDate "2017.??.??"]

1. d4 d5 2. Nf3 Nf6 3. e3 c5 4. c4 g6 5. dxc5 Qa5+ 6. Bd2 Qxc5 7. b4 Qc7 8.
cxd5 Nxd5 9. Na3 Bg7 10. Rc1 Qd8 11. e4 Nb6 12. Nb5 Nc6 13. Bf4 O-O 14. Qxd8
Rxd8 15. Nc7 Rb8 16. b5 Nb4 17. Nd5 N6xd5 18. Bxb8 Nc3 19. Be2 Nxe2 20. Kxe2
Bd7 21. a4 Rxb8 22. Rc4 Na2 23. Nd4 e5 24. Nf3 a6 25. Rc7 Be8 26. Rb1 axb5 27.
axb5 Bf8 28. Nxe5 Bd6 29. Rc2 Nb4 30. Rcb2 Bxb5+ 31. Ke3 Bxe5 32. Rxb4 Bc6 33.
f4 Bd6 34. Rc4 Ra8 35. e5 Ra3+ 36. Kd2 Ra2+ 37. Kc3 Bf8 38. g4 Rxh2 39. Re1
Rh3+ 40. Kd2 Bb5 41. Rd4 Bc5 42. Rd8+ Kg7 43. Re4 Bb6 44. Ra8 Bc6 45. Rb4 Bc5
46. Rc4 Be3+ 47. Kc2 Bd5 48. Rb4 Bc5 49. Rb5 Be4+ 50. Kb2 Bd4+ 51. Ka2 Rh2+ 52.
Kb3 Bc6 53. Rb4 Bd5+ 0-1

[Event "2.BLW 1718 TSV Schott Mainz - Hansa Dor"]
[Site "?"]
[Date "2017.10.09"]
[Round "1.7"]
[White "Babar, Michael"]
[Black "Lisanti, Andre"]
[Result "0-1"]
[WhiteElo "2130"]
[BlackElo "2239"]
[PlyCount "122"]
[EventDate "2017.??.??"]

1. Nf3 b6 2. b3 Bb7 3. Bb2 e6 4. c4 Bxf3 5. gxf3 Qh4 6. e3 Nc6 7. f4 Nge7 8.
Nc3 Rg8 9. Qf3 O-O-O 10. O-O-O g5 11. Nb5 g4 12. Qg2 d5 13. Qg3 Qh5 14. f5 e5
15. cxd5 Rxd5 16. e4 Rc5+ 17. Kb1 Bh6 18. Be2 Bf4 19. Qg2 Qg5 20. Bc3 Rd8 21.
Qxg4 Qf6 22. b4 Rxb5 23. Bxb5 Nd4 24. Bc4 b5 25. Bd3 Kb7 26. Rhg1 Qa6 27. Qh5
Nc8 28. Qxf7 Nd6 29. Qxh7 Nf3 30. Rg8 Ne8 31. Qg6 Qa4 32. Bc2 Qa3 33. Bb3 Bxd2
34. Bxd2 Rxd2 35. Rxd2 Nxd2+ 36. Kc2 Nxb3 37. axb3 Qa2+ 38. Kc1 Qa1+ 39. Kc2
Qa2+ 40. Kc1 Qa1+ 41. Kd2 Nd6 42. f3 Qb2+ 43. Ke1 Qxb3 44. Kf2 Qxb4 45. Kg3
Qe1+ 46. Kh3 Qe3 47. Qg3 a5 48. Kg4 a4 49. Qxe5 Qg1+ 50. Qg3 Qxg3+ 51. Kxg3 a3
52. Kf4 a2 53. Rg1 b4 54. e5 Nxf5 55. Kxf5 b3 56. e6 b2 57. e7 b1=Q+ 58. Rxb1+
axb1=Q+ 59. Ke6 Qg6+ 60. Kd7 Qf5+ 61. Kd8 Qc8# 0-1

[Event "2.BLW 1718 TSV Schott Mainz - Hansa Dor"]
[Site "?"]
[Date "2017.10.09"]
[Round "1.8"]
[White "Kienast, Joerg"]
[Black "Prueske, Wolfgang"]
[Result "1-0"]
[WhiteElo "2223"]
[BlackElo "2046"]
[PlyCount "121"]
[EventDate "2017.??.??"]

1. e4 c6 2. d4 d5 3. exd5 cxd5 4. c4 Nf6 5. Nc3 g6 6. Qb3 Bg7 7. Nf3 O-O 8. Be2
Nc6 9. O-O Na5 10. Qb4 Nxc4 11. Bxc4 dxc4 12. Re1 Nd5 13. Qxc4 Nxc3 14. bxc3
Bg4 15. Ng5 h6 16. Ne4 Be6 17. Qd3 b6 18. a4 Rc8 19. Ba3 Qd7 20. a5 Bf5 21.
axb6 axb6 22. Qf3 Bg4 23. Qg3 Be6 24. Bb4 Rfe8 25. Nd2 Bd5 26. Nf3 Bxf3 27.
Qxf3 e6 28. Ra6 Rc6 29. Bc5 Rb8 30. Rea1 Rb7 31. h3 Kh7 32. Bb4 Rc8 33. Rd1 Rd8
34. Rda1 Qd5 35. Qxd5 Rxd5 36. Ra7 Rdd7 37. Rxb7 Rxb7 38. Kf1 g5 39. Ke2 Kg6
40. Kd3 b5 41. Ra6 Kf5 42. Ra5 Kg6 43. Kc2 Bf6 44. Ra6 Rd7 45. Bc5 h5 46. Kb3
Kf5 47. Rb6 Ke4 48. Kc2 Rd5 49. Rxb5 Rf5 50. f3+ Ke3 51. Rb2 Ke2 52. c4 Rf4 53.
Ra2 Bxd4 54. Bxd4 Rxd4 55. Kc3+ Ke3 56. Re2+ Kxe2 57. Kxd4 Kf2 58. c5 Kxg2 59.
c6 Kxh3 60. c7 Kg3 61. c8=Q 1-0

[Event "2.BLW 1718 SV Koblenz - DJK Aachen"]
[Site "?"]
[Date "2017.10.09"]
[Round "1.1"]
[White "Jakubiec, Artur"]
[Black "Sulskis, Sarunas"]
[Result "1/2-1/2"]
[WhiteElo "2503"]
[BlackElo "2525"]
[PlyCount "28"]
[EventDate "2017.??.??"]

1. e4 e5 2. Nf3 Nc6 3. Bc4 Nf6 4. d3 h6 5. O-O d6 6. c3 Na5 7. Bb5+ Bd7 8.
Bxd7+ Qxd7 9. Re1 Nc6 10. d4 g6 11. Qb3 Na5 12. Qc2 Nc6 13. Qb3 Na5 14. Qc2 Nc6
1/2-1/2

[Event "2.BLW 1718 SV Koblenz - DJK Aachen"]
[Site "?"]
[Date "2017.10.09"]
[Round "1.2"]
[White "Balog, Imre"]
[Black "Van Dooren, Dirk"]
[Result "1-0"]
[WhiteElo "2537"]
[BlackElo "2333"]
[PlyCount "37"]
[EventDate "2017.??.??"]

1. d4 f5 2. Nf3 e6 3. c4 Nf6 4. g3 Be7 5. Bg2 O-O 6. d5 Ne4 7. O-O Bf6 8. Nbd2
Nc5 9. Nb3 Nba6 10. Be3 d6 11. dxe6 Bxb2 12. Rb1 Bf6 13. Nfd4 g6 14. Bd5 Qe7
15. Na5 Bxd4 16. Qxd4 c6 17. Bg5 Qxg5 18. e7+ cxd5 19. Qh8+ 1-0

[Event "2.BLW 1718 SV Koblenz - DJK Aachen"]
[Site "?"]
[Date "2017.10.09"]
[Round "1.3"]
[White "Buscher, Michael"]
[Black "Seul, Georg"]
[Result "1/2-1/2"]
[WhiteElo "2391"]
[BlackElo "2401"]
[PlyCount "44"]
[EventDate "2017.??.??"]

1. b3 d5 2. Bb2 Nf6 3. e3 c6 4. Be2 g6 5. Nf3 Bg7 6. O-O O-O 7. c4 Bg4 8. h3
Bxf3 9. Bxf3 Re8 10. d4 Nbd7 11. cxd5 Nxd5 12. Qe2 N5f6 13. Rd1 Qc7 14. g3 e5
15. dxe5 Nxe5 16. Bg2 h5 17. Nc3 Rad8 18. Rxd8 Rxd8 19. Rd1 Rxd1+ 20. Qxd1 Qd7
21. Qxd7 Nfxd7 22. Bc1 Nd3 1/2-1/2

[Event "2.BLW 1718 SV Koblenz - DJK Aachen"]
[Site "?"]
[Date "2017.10.09"]
[Round "1.4"]
[White "Fritsche, Lutz"]
[Black "Roeder, Matthias"]
[Result "1/2-1/2"]
[WhiteElo "2359"]
[BlackElo "2375"]
[PlyCount "119"]
[EventDate "2017.??.??"]

1. e4 c5 2. Nc3 a6 3. g3 b5 4. Bg2 Bb7 5. Nf3 e6 6. Qe2 Nc6 7. O-O d6 8. Rd1
Qb6 9. a4 b4 10. a5 Nxa5 11. Na4 Qb5 12. d3 Be7 13. Be3 Nf6 14. c3 O-O 15. cxb4
Nb3 16. Nc3 Qxb4 17. Ra4 Qb6 18. Qc2 Bc6 19. Ra3 Rfb8 20. d4 cxd4 21. Rxb3 Qxb3
22. Qxb3 Rxb3 23. Nxd4 Rxc3 24. bxc3 Bxe4 25. Nc6 Bxc6 26. Bxc6 Rc8 27. Bb7
Rxc3 28. Bxa6 Nd5 29. Bd4 Ra3 30. Bc4 Nf6 31. Rb1 Ra4 32. Rb8+ Bf8 33. Rc8 d5
34. Bc5 Nd7 35. Bxf8 Nxf8 36. Bb5 Ra7 37. f4 g6 38. Kf2 h5 39. h3 Kg7 40. g4
Rb7 41. Bd3 Rb2+ 42. Bc2 hxg4 43. hxg4 Rb7 44. f5 g5 45. fxe6 fxe6 46. Ke3 Rb4
47. Bd1 Re4+ 48. Kf3 Ng6 49. Kg3 Rd4 50. Be2 Nf4 51. Bf3 Rd2 52. Rc7+ Kf6 53.
Rc8 e5 54. Rf8+ Kg6 55. Rf5 e4 56. Bxe4 dxe4 57. Rxg5+ Kh6 58. Kxf4 Rf2+ 59.
Ke3 Kxg5 60. Kxf2 1/2-1/2

[Event "2.BLW 1718 SV Koblenz - DJK Aachen"]
[Site "?"]
[Date "2017.10.09"]
[Round "1.5"]
[White "Skulener, Wladimir"]
[Black "Hammes, Michael"]
[Result "1/2-1/2"]
[WhiteElo "2390"]
[BlackElo "2340"]
[PlyCount "31"]
[EventDate "2017.??.??"]

1. d4 e6 2. Nf3 Nf6 3. c4 d5 4. Nc3 a6 5. c5 b6 6. cxb6 cxb6 7. Bf4 Bd6 8. Bxd6
Qxd6 9. e3 Nbd7 10. Bd3 Bb7 11. O-O O-O 12. Rc1 b5 13. Nb1 Rac8 14. Nbd2 Nb6
15. Nb3 Nbd7 16. Qe2 1/2-1/2

[Event "2.BLW 1718 SV Koblenz - DJK Aachen"]
[Site "?"]
[Date "2017.10.09"]
[Round "1.6"]
[White "Doncevic, Dario"]
[Black "Lenaerts, Lennert"]
[Result "1/2-1/2"]
[WhiteElo "2265"]
[BlackElo "2302"]
[PlyCount "86"]
[EventDate "2017.??.??"]

1. c4 e5 2. Nc3 Bb4 3. Nd5 Bc5 4. e3 c6 5. d4 cxd5 6. dxc5 Nf6 7. cxd5 Qa5+ 8.
Bd2 Qc7 9. d6 Qc6 10. Nf3 O-O 11. Rc1 e4 12. Ne5 Qd5 13. Bc3 Qxc5 14. Ng4 Nxg4
15. Qxg4 f6 16. Qxe4 Nc6 17. Qc4+ Qxc4 18. Bxc4+ Kh8 19. f4 b6 20. Kf2 Bb7 21.
Rhd1 Rac8 22. Bb3 Rfe8 23. g4 b5 24. a3 a5 25. Bf7 Rf8 26. Bd5 b4 27. axb4 axb4
28. Bxc6 Bxc6 29. Bxb4 Kg8 30. Ra1 f5 31. gxf5 Rxf5 32. Ra5 Rxa5 33. Bxa5 Rb8
34. Bc3 g6 35. h4 Rb5 36. Rd4 Kf7 37. e4 Ke6 38. Ke3 Rh5 39. Be1 Rc5 40. Bc3
Rh5 41. Be1 Rc5 42. Kd2 Ra5 43. Ke3 Rc5 1/2-1/2

[Event "2.BLW 1718 SV Koblenz - DJK Aachen"]
[Site "?"]
[Date "2017.10.09"]
[Round "1.7"]
[White "Marcziter, Dmitrii"]
[Black "Stahnecker, Ludwig"]
[Result "1-0"]
[WhiteElo "2311"]
[BlackElo "2153"]
[PlyCount "51"]
[EventDate "2017.??.??"]

1. d4 d5 2. c4 e6 3. Nc3 Nf6 4. Bg5 c6 5. e3 Nbd7 6. cxd5 exd5 7. Bd3 Be7 8.
Qc2 O-O 9. Nge2 Re8 10. O-O Ne4 11. Bf4 Nxc3 12. bxc3 Nf8 13. f3 Bg5 14. e4
Bxf4 15. Nxf4 Qg5 16. Ne2 dxe4 17. fxe4 Bg4 18. Ng3 g6 19. e5 h5 20. Ne4 Qe3+
21. Kh1 Nh7 22. Nd6 Re7 23. Bc4 Kg7 24. Rae1 Qg5 25. Nxf7 Qh4 26. Qd2 1-0

[Event "2.BLW 1718 SV Koblenz - DJK Aachen"]
[Site "?"]
[Date "2017.10.09"]
[Round "1.8"]
[White "Repplinger, Marc"]
[Black "van Dael, Siem"]
[Result "1/2-1/2"]
[WhiteElo "2188"]
[BlackElo "2286"]
[PlyCount "99"]
[EventDate "2017.??.??"]

1. d4 Nf6 2. Nf3 g6 3. c4 Bg7 4. Nc3 O-O 5. e4 d6 6. Be2 e5 7. O-O Nc6 8. dxe5
Nxe5 9. Nd4 Re8 10. Re1 Rb8 11. h3 a6 12. Nc2 Ned7 13. Bf3 b5 14. Nd4 Bb7 15.
cxb5 axb5 16. Ndxb5 Nxe4 17. Bxe4 Bxe4 18. Nxd6 Bxc3 19. Rxe4 Rxe4 20. Nxe4 Bg7
21. a4 Qe8 22. Nc3 Nc5 23. Be3 Rxb2 24. Bxc5 Bxc3 25. Rc1 Re2 26. Qd5 Bd2 27.
Rd1 Bc3 28. Qd8 Qxd8 29. Rxd8+ Kg7 30. g3 Re5 31. Be3 Ra5 32. Bf4 c5 33. Rc8
Bd4 34. Bd6 Kf6 35. Rc6 Kf5 36. Kg2 Ke4 37. Bf8 Rxa4 38. Bxc5 Kd5 39. Rc7 Bxc5
40. Rxf7 Ra7 41. Rf6 Bd4 42. Rf8 Ke6 43. Rc8 Rf7 44. Rc2 g5 45. Re2+ Kd5 46.
Ra2 Ra7 47. Rxa7 Bxa7 48. f4 h6 49. fxg5 hxg5 50. g4 1/2-1/2

[Event "2.BLW 1718 SG KÃ¶ln Porz - SG Solingen"]
[Site "?"]
[Date "2017.10.09"]
[Round "1.1"]
[White "Andersen, Mads"]
[Black "Lutz, Christopher"]
[Result "1/2-1/2"]
[WhiteElo "2589"]
[BlackElo "2531"]
[PlyCount "88"]
[EventDate "2017.??.??"]

1. d4 Nf6 2. c4 e6 3. Nf3 Bb4+ 4. Nbd2 O-O 5. a3 Be7 6. e4 d6 7. Be2 Nbd7 8. b4
e5 9. Bb2 exd4 10. Nxd4 Re8 11. O-O Bf8 12. Qc2 a5 13. Nf5 g6 14. Ne3 axb4 15.
axb4 Rxa1 16. Bxa1 c6 17. Re1 Bg7 18. Bc3 h5 19. Bf1 Ng4 20. Bxg7 Kxg7 21. Qc3+
Kg8 22. Nc2 Qh4 23. Qg3 Qxg3 24. hxg3 f5 25. exf5 Rxe1 26. Nxe1 gxf5 27. Nd3
Kg7 28. Nf4 Ndf6 29. Bd3 Ne5 30. Be2 Kh6 31. Kf1 b6 32. Ke1 c5 33. bxc5 bxc5
34. Nf1 Ng6 35. Ne3 Nxf4 36. gxf4 h4 37. Kf1 Nh5 38. Bxh5 Kxh5 39. Kg1 Bd7 40.
Kh2 Be6 41. Kh3 Bf7 42. g3 hxg3 43. fxg3 Be6 44. Kg2 Kg6 {(=)} 1/2-1/2

[Event "2.BLW 1718 SG KÃ¶ln Porz - SG Solingen"]
[Site "?"]
[Date "2017.10.09"]
[Round "1.3"]
[White "Schroeder, Kevin"]
[Black "Xu, Xianliang"]
[Result "1/2-1/2"]
[WhiteElo "2313"]
[BlackElo "2397"]
[PlyCount "71"]
[EventDate "2017.??.??"]

1. e4 c5 2. Nf3 d6 3. a3 Nf6 4. Nc3 Nc6 5. b4 e6 6. Bb5 Bd7 7. O-O Be7 8. bxc5
dxc5 9. Bxc6 Bxc6 10. d3 Qc7 11. Ne2 Nd7 12. Bb2 O-O 13. Ng3 Bd6 14. Nd2 b5 15.
Qg4 Ne5 16. Qh3 c4 17. d4 Ng6 18. Rfe1 e5 19. Nf5 exd4 20. Bxd4 f6 21. Rad1
Rfd8 22. Nf1 a5 23. Nxd6 Rxd6 24. Bb6 Qd7 25. Qxd7 Rxd7 26. Rxd7 Bxd7 27. Rd1
Be6 28. Rb1 b4 29. axb4 axb4 30. Rxb4 Ra2 31. Be3 Rxc2 32. Rb8+ Kf7 33. Rb7+
Kg8 34. Rb8+ Kf7 35. Rb7+ Kg8 36. Rb8+ 1/2-1/2

[Event "2.BLW 1718 SG KÃ¶ln Porz - SG Solingen"]
[Site "?"]
[Date "2017.10.09"]
[Round "1.4"]
[White "Malykin, Vitaly"]
[Black "Schaefer, Markus"]
[Result "1/2-1/2"]
[WhiteElo "2384"]
[BlackElo "2401"]
[PlyCount "49"]
[EventDate "2017.??.??"]

1. Nf3 Nf6 2. c4 c6 3. d4 d5 4. Nc3 e6 5. Qc2 Nbd7 6. e4 Nxe4 7. Nxe4 dxe4 8.
Qxe4 Bb4+ 9. Bd2 Bxd2+ 10. Nxd2 Qa5 11. O-O-O O-O 12. Bd3 Nf6 13. Qh4 Qh5 14.
Qxh5 Nxh5 15. c5 Nf4 16. Bf1 Rd8 17. Nc4 Ng6 18. g3 e5 19. Nxe5 Nxe5 20. dxe5
Rxd1+ 21. Kxd1 Bg4+ 22. Be2 Rd8+ 23. Ke1 Bxe2 24. Kxe2 Rd5 25. Rd1 1/2-1/2

[Event "2.BLW 1718 SG KÃ¶ln Porz - SG Solingen"]
[Site "?"]
[Date "2017.10.09"]
[Round "1.5"]
[White "Schlecht, Daniel"]
[Black "Korotkjevich, Stanislav"]
[Result "1-0"]
[WhiteElo "2378"]
[BlackElo "2372"]
[PlyCount "99"]
[EventDate "2017.??.??"]

1. d4 d6 2. Nf3 Bg4 3. c4 Bxf3 4. exf3 g6 5. Nc3 Bg7 6. Be3 Nd7 7. Be2 Ngf6 8.
O-O O-O 9. Qb3 Qc8 10. Rac1 c6 11. d5 Re8 12. Rfd1 c5 13. h3 a6 14. Qc2 Qc7 15.
a3 e6 16. dxe6 Rxe6 17. f4 Rae8 18. Bf3 Qb8 19. a4 Qc7 20. Qd2 Nb6 21. b3 Nc8
22. g4 Ne7 23. Kg2 h5 24. g5 Nd7 25. Nd5 Nxd5 26. Qxd5 b6 27. Qb7 Qxb7 28. Bxb7
a5 29. Bd5 Bf8 30. Bxe6 Rxe6 31. Rd5 f5 32. gxf6 Nxf6 33. Rg5 Ne4 34. Rd5 Nf6
35. Rdd1 Ne8 36. Re1 Ng7 37. Bd2 Kf7 38. Bc3 Rxe1 39. Rxe1 Ne6 40. Kf3 Bh6 41.
Bd2 Bg7 42. Ke4 Nc7 43. f5 d5+ 44. cxd5 gxf5+ 45. Kxf5 Nxd5 46. Bg5 Bd4 47. f3
Bg7 48. Re6 Bf8 49. Rc6 Be7 50. Rh6 1-0

[Event "2.BLW 1718 SG KÃ¶ln Porz - SG Solingen"]
[Site "?"]
[Date "2017.10.09"]
[Round "1.6"]
[White "Bunyatov, Rustam"]
[Black "L'Ami, Alina"]
[Result "0-1"]
[WhiteElo "2178"]
[BlackElo "2286"]
[PlyCount "98"]
[EventDate "2017.??.??"]

1. e4 e6 2. d3 d5 3. Qe2 Nf6 4. e5 Nfd7 5. f4 c5 6. Nf3 Nc6 7. c4 dxc4 8. dxc4
Nd4 9. Qd1 b6 10. Be3 Bb7 11. Nbd2 Nb8 12. Bxd4 cxd4 13. Bd3 h6 14. O-O Bc5 15.
b4 Be7 16. Be4 Bxe4 17. Nxe4 O-O 18. a3 Nc6 19. b5 Na5 20. Qxd4 Rc8 21. Nd6
Bxd6 22. exd6 Rxc4 23. Qd3 Rc5 24. Rad1 Rd5 25. Qc3 Qxd6 26. Rxd5 Qxd5 27. a4
Rd8 28. Qc7 Rd7 29. Qc8+ Rd8 30. Qc7 Qd7 31. Rc1 Nb3 32. Qxd7 Rxd7 33. Rc8+ Kh7
34. Ne5 Rd1+ 35. Kf2 Rd4 36. Rc4 Rxc4 37. Nxc4 f6 38. Nd6 Nc5 39. Nc8 Nxa4 40.
Nxa7 Kg6 41. g4 Kf7 42. Ke3 Ke7 43. Kd4 Kd6 44. Nc6 g5 45. f5 e5+ 46. Kc4 Nb2+
47. Kb3 Nd1 48. Nd8 Nf2 49. Nf7+ Ke7 0-1

[Event "2.BLW 1718 SG KÃ¶ln Porz - SG Solingen"]
[Site "?"]
[Date "2017.10.09"]
[Round "1.7"]
[White "Hobusch, Jan"]
[Black "Pauly, Carlo"]
[Result "0-1"]
[WhiteElo "2185"]
[BlackElo "2295"]
[PlyCount "70"]
[EventDate "2017.??.??"]

1. d4 Nf6 2. Bf4 g6 3. e3 Bg7 4. Nf3 d6 5. h3 O-O 6. Be2 c5 7. O-O b6 8. c3 Bb7
9. Nbd2 Nbd7 10. a4 a6 11. Qb1 Ra7 12. Rd1 Qa8 13. Bf1 Rc8 14. Bh2 Ne4 15. Qa2
Ndf6 16. Qb3 cxd4 17. exd4 Nxd2 18. Nxd2 Bd5 19. Qa3 Bh6 20. Qb4 b5 21. Qa5 b4
22. Qxb4 Rb7 23. Qa3 Bxd2 24. Rxd2 Rb3 25. Qa2 Rbxc3 26. Qb1 R3c7 27. b4 Ne4
28. Rb2 Nc3 29. Qe1 Nxa4 30. Re2 Qb7 31. Rxa4 Rc1 32. Qd2 Bxg2 33. Re1 Bxf1 34.
d5 Rxe1 35. Qxe1 Bxh3 0-1

[Event "2.BLW 1718 SG KÃ¶ln Porz - SG Solingen"]
[Site "?"]
[Date "2017.10.09"]
[Round "1.8"]
[White "Wagenknecht, Uwe"]
[Black "Berg, Michael"]
[Result "0-1"]
[WhiteElo "2248"]
[BlackElo "2312"]
[PlyCount "74"]
[EventDate "2017.??.??"]

1. Nf3 Nf6 2. c4 g6 3. Nc3 Bg7 4. e4 d6 5. d4 O-O 6. Be2 e5 7. O-O Nc6 8. d5
Ne7 9. Ne1 Nd7 10. f3 f5 11. g4 Kh8 12. Nd3 Ng8 13. Be3 Bh6 14. Bf2 a6 15. h4
fxg4 16. fxg4 Rxf2 17. Nxf2 Qxh4 18. Kg2 Bf4 19. Rh1 Qg3+ 20. Kf1 Be3 21. Qe1
Ndf6 22. Rd1 Bxf2 23. Qxf2 Qxf2+ 24. Kxf2 Bxg4 25. Rdg1 Bxe2 26. Kxe2 Kg7 27.
Rg2 h6 28. Kd3 g5 29. Nd1 Ne7 30. Ne3 Kg6 31. Rgh2 h5 32. Rg2 g4 33. Rgh2 Kg5
34. c5 Ng6 35. cxd6 Nf4+ 36. Kc2 cxd6 37. Nf5 Nxe4 0-1

[Event "2.BLW 1718 DÃ¼sseldorfer SK - Klub KÃ¶l"]
[Site "?"]
[Date "2017.10.09"]
[Round "1.1"]
[White "Strohhaeker, Raoul"]
[Black "Timman, Jan Hendrik"]
[Result "1-0"]
[WhiteElo "2435"]
[BlackElo "2575"]
[PlyCount "109"]
[EventDate "2017.??.??"]

1. e4 e6 2. d4 d5 3. Nd2 c5 4. exd5 Qxd5 5. Ngf3 cxd4 6. Bc4 Qd7 7. O-O Nc6 8.
Nb3 Nf6 9. Nbxd4 Nxd4 10. Nxd4 a6 11. Re1 Qc7 12. Bf1 Be7 13. Qf3 O-O 14. Bg5
Qc5 15. Be3 Qb4 16. Nb3 Nd5 17. Bd4 Qa4 18. Bd3 g6 19. Be4 Rd8 20. Rad1 Qb5 21.
Bd3 Qc6 22. Na5 Qc7 23. Nc4 f6 24. Ne3 Nf4 25. Bc4 Kg7 26. Bb3 Bd7 27. Qg3 Bc6
28. Bxe6 Nxe6 29. Nf5+ Kf8 30. Qxc7 Nxc7 31. Nxe7 Rxd4 32. Rxd4 Re8 33. Rh4 Nd5
34. Nxg6+ hxg6 35. Rh8+ Kf7 36. Rexe8 Bxe8 37. Rh7+ Ke6 38. Rxb7 Kd6 39. c4 Nc7
40. b4 f5 41. a3 g5 42. c5+ Kc6 43. Rb6+ Kd5 44. f3 f4 45. Kf2 Bb5 46. Rg6 Ne6
47. g3 fxg3+ 48. Kxg3 Ke5 49. Kg4 Bd7 50. Rxe6+ Bxe6+ 51. Kxg5 Bh3 52. f4+ Ke6
53. a4 Bf1 54. f5+ Kf7 55. c6 1-0

[Event "2.BLW 1718 DÃ¼sseldorfer SK - Klub KÃ¶l"]
[Site "?"]
[Date "2017.10.09"]
[Round "1.2"]
[White "Andersson, Ulf"]
[Black "Morawietz, Dieter"]
[Result "1-0"]
[WhiteElo "2523"]
[BlackElo "2420"]
[PlyCount "103"]
[EventDate "2017.??.??"]

1. Nf3 c5 2. c4 Nc6 3. Nc3 Nd4 4. e3 Nxf3+ 5. Qxf3 g6 6. g3 Bg7 7. Bg2 d6 8. b3
Rb8 9. Bb2 Bd7 10. Qe2 Nf6 11. Ne4 Nh5 12. Bxg7 Nxg7 13. O-O O-O 14. d4 Qc8 15.
dxc5 dxc5 16. Rad1 Bc6 17. Nc3 Bxg2 18. Kxg2 Nf5 19. Rd3 h5 20. Rfd1 a6 21. Ne4
b6 22. Qf3 Rb7 23. h3 Rc7 24. Nc3 Qe6 25. Qe4 Qxe4+ 26. Nxe4 f6 27. g4 hxg4 28.
hxg4 Nh6 29. Rd7 Rfc8 30. g5 f5 31. gxh6 fxe4 32. Kg3 Kh7 33. Rxc7 Rxc7 34. Kf4
Rc6 35. Kxe4 Re6+ 36. Kf4 Kxh6 37. Rd5 Rf6+ 38. Kg3 Kg7 39. f4 Rc6 40. Kg4 e6
41. Rd8 Kf6 42. Rf8+ Ke7 43. Ra8 b5 44. Kg5 bxc4 45. bxc4 e5 46. Ra7+ Kf8 47.
fxe5 Rb6 48. a4 Ke8 49. a5 Rb3 50. Kxg6 Rxe3 51. Kf6 Rh3 52. Ke6 1-0

[Event "2.BLW 1718 DÃ¼sseldorfer SK - Klub KÃ¶l"]
[Site "?"]
[Date "2017.10.09"]
[Round "1.3"]
[White "Tugui, Adrian"]
[Black "Berelowitsch, Alexander"]
[Result "0-1"]
[WhiteElo "2376"]
[BlackElo "2522"]
[PlyCount "78"]
[EventDate "2017.??.??"]

1. d4 d5 2. Bg5 Nf6 3. Bxf6 gxf6 4. g3 c5 5. dxc5 e6 6. Bg2 Bxc5 7. Nf3 Qb6 8.
O-O Qxb2 9. Nbd2 Nc6 10. c4 O-O 11. cxd5 exd5 12. Nb3 Bb6 13. Qxd5 Be6 14. Qh5
Rfd8 15. Rab1 Qxa2 16. Nh4 Ne7 17. Be4 Ng6 18. Nxg6 hxg6 19. Bxg6 Bxb3 20. Bf5
Be6 21. Rb4 Bxf5 22. Rh4 Kf8 23. Qxf5 Qe6 24. Qh7 f5 25. Rh6 Qe5 26. Rh5 Rac8
27. Rxf5 Qg7 28. Qh4 Rc6 29. Rh5 Kg8 30. Rb1 Rd4 31. e4 Rd2 32. Rf5 Rc5 33. Rf4
Rc6 34. Rb5 Rh6 35. Qe7 Bxf2+ 36. Rxf2 Qa1+ 37. Kg2 Rxh2+ 38. Kxh2 Rxf2+ 39.
Kh3 Qf1+ 0-1